000 00263 a2200133 4500
001 152425
040 _cEscola São Tomás de Aquino
240 1 0 _aCântico
_lpor
245 1 0 _aCântico
362 0 _a1982
440 1 _aModerna
697 _aPoesia
942 _cBK
999 _c152425
_d152425